000 00431nmm a2200157Ia 4500
008 251105s9999||||xx |||||||||||||||||und||
020 _a9788498166910
041 _aspa
100 _aCarvajal, Gaspar de
245 0 _aLa aventura del Amazonas
264 _a[Madrid, España] :
_bLinkgua,
_c2011
300 _a184 páginas
490 _aHistoria-Viajes
856 _uhttps://public.digitaliapublishing.com/a/16874
942 _cCF
999 _c91377
_d91377